El Patrimoni cultural de la Diputació de Lleida
Descripción Física:
97 p. : il. col. ; 30 cm
Materias:
Patrimoni cultural -- Lleida (Província)
MARC
| LEADER | 00000nam a2200000Ia 4500 | ||
|---|---|---|---|
| 001 | 15156 | ||
| 008 | 160829s9999 xx 000 0 cat d | ||
| 080 | |a M-4-289 | ||
| 110 | 1 | |9 52948 |a Lleida (Catalunya : Província). |b Diputació | |
| 245 | |a El Patrimoni cultural de la Diputació de Lleida | ||
| 260 | |a Lleida : |b Diputació de Lleida, Servei d'Arxius, Estudis i Informació, DL 2002 | ||
| 300 | |a 97 p. : |b il. col. ; |c 30 cm | ||
| 590 | |a Bibliografia | ||
| 650 | |a Patrimoni cultural |x Lleida (Província) |9 24985 | ||
| 710 | 1 | |a Lleida (Catalunya : Província). |b Servei d'Arxius, Estudis i Informació |9 55224 | |
| 901 | |a Arxiu | ||
| 942 | |n 1 |2 udc | ||
| 952 | |0 0 |1 0 |4 0 |6 M4289 |7 1 |9 43402 |a Arxiu |b Arxiu |d 2016-12-01 |l 0 |o M-4-289 |p 15156 |r 2016-12-01 00:00:00 |w 2016-12-01 |y ARXIU | ||
| 999 | |c 45948 |d 45948 | ||